Statistics for Cities starting with B in China

Click here to take the quiz!

General Stats

  • This quiz has been taken 23 times
    (21 since last reset)
  • The average score is 2 of 6

Answer Stats

Answer% Correct
Beijing
100%
Baotou
33%
Baoji
11%
Bengbu
11%
Baicheng
6%
Beian
0%

Score Distribution

Percentile by Number Answered

Percent of People with Each Score

Your Score History

You have not taken this quiz since the last reset